Διονύσιος Σολωμός

Saved in:
Bibliographic Details
Main Author: Παλαμάς, Κωστής, 1859-1943
Other Authors: Χατζηγιακουμής, Μανόλης Κ. (Editor)
Format: Book
Language:Greek
Published: Αθήνα : Εκδοτική Ερμής, 1981, c1970.
Series:Νέα ελληνική βιβλιοθήκη (Εκδοτική Ερμής) - ΣΠ ; 9
Subjects:
Tags: Add Tag
No Tags, Be the first to tag this record!

MARC

LEADER 00000nam a2200000 a 4500
001 1/126530
008 230509r19811970gr | ||| |||| ||gre||
040 |a GR-MyUa  |b gre  |c GR-MyUa  |e AACR2 
041 0 |a gre 
082 7 |a 889.1092  |2 (23) 
100 1 |a Παλαμάς, Κωστής,   |d 1859-1943. 
245 1 0 |a Διονύσιος Σολωμός /   |c Κωστής Παλαμάς ; επιμέλεια Μανόλης Χατζηγιακουμής.  
260 |a Αθήνα :   |b Εκδοτική Ερμής,   |c 1981, c1970.  
300 |a 207 σ. ;   |c 18 εκ. 
490 1 |a (Νέα ελληνική βιβλιοθήκη / Εκδοτική Ερμής - ΣΠ ;   |v 9) 
600 1 0 |a Σολωμός, Διονύσιος,   |d 1798-1857. 
650 0 |a Greek poetry, Modern  |x History and criticism. 
700 1 |a Χατζηγιακουμής, Μανόλης Κ.  |e edt 
830 0 |a Νέα ελληνική βιβλιοθήκη (Εκδοτική Ερμής) - ΣΠ ;  |v 9 
852 |a INST  |b SAMOS  |e 20230509  |h 889.1092 ΠΑΛ  |p 005300047991  |q 005300047991  |t BK  |y 0 
970 |a Γουβάλα  |b Βάσω  |z 09-05-2023